000
00246nam a2200109Ia 4500
008
220204s9999 xx 000 0 und d
082
_a
82-3
_b
RAN
100
_a
Rand, Ayn
245
0
_a
Atlas shrugged
260
_a
New York
_b
Nel
_c
1957
942
_c
BK
999
_c
37560
_d
37560